Guess the 1960s song lyrics #182 - Statistics

General Stats
  • This quiz has been taken 16 times
  • The average score is 145 of 194
Answer Stats
Answer % Correct
you
100%
be
92%
can
92%
do
92%
ever
92%
I
92%
is
92%
No
85%
no
85%
One
85%
one
85%
that
85%
the
85%
as
77%
Two
77%
two
77%
you'll
77%
bad
69%
good
69%
It's
69%
it's
69%
just
69%
loneliest
69%
number
69%
Number
69%
Yes
69%
Cause
62%
than
62%
know
54%
of
54%
time
54%
my
46%
saddest
46%
since
46%
Three Dog Night
46%
away
38%
went
38%
anymore
31%
experience
31%
Now
23%
worse
23%
making
15%
spend
15%
yesterday
15%
rhymes
8%
whoa
8%
No matching quizzes found
Score Distribution
Percent of People with Each Score
Percentile by Number Answered
Your Score History
You have not taken this quiz